LEADER 01595nam 2200373Ia 450 001 9910697326803321 005 20080815143403.0 035 $a(CKB)5470000002387667 035 $a(OCoLC)243864117 035 $a(EXLCZ)995470000002387667 100 $a20080815d2006 ua 0 101 0 $aeng 181 $ctxt$2rdacontent 182 $cc$2rdamedia 183 $acr$2rdacarrier 200 10$aWater quality and possible sources of nitrogen and bacteria to Rock and Travertine Creeks, Chickasaw National Recreation Area, Oklahoma, 2004$b[electronic resource] /$fby Carol J. Becker ; prepared in cooperation with the National Park Service 210 1$aReston, Va. :$cU.S. Dept. of the Interior, U.S. Geological Survey,$d2006. 215 $aiv, 24 pages $cdigital, PDF file 225 1 $aScientific investigations report ;$v2005-5279 300 $aTitle from PDF t.p. (viewed on Aug. 15, 2008). 606 $aBacterial pollution of water$zOklahoma$zChickasaw National Recreation Area 606 $aNutrient pollution of water$zOklahoma$zChickasaw National Recreation Area 615 0$aBacterial pollution of water 615 0$aNutrient pollution of water 700 $aBecker$b Carol J$01391482 712 02$aUnited States.$bNational Park Service. 712 02$aGeological Survey (U.S.) 801 0$bGPO 801 1$bGPO 801 2$bGPO 906 $aBOOK 912 $a9910697326803321 996 $aWater quality and possible sources of nitrogen and bacteria to Rock and Travertine Creeks, Chickasaw National Recreation Area, Oklahoma, 2004$93541686 997 $aUNINA LEADER 03614 am 2200829 n 450 001 9910495911003321 005 20240104030711.0 010 $a2-7535-3900-6 024 7 $a10.4000/books.pur.13601 035 $a(CKB)4340000000013234 035 $a(FrMaCLE)OB-pur-13601 035 $a(PPN)189310758 035 $a(EXLCZ)994340000000013234 100 $a20150717j|||||||| ||| 0 101 0 $afre 135 $auu||||||m|||| 200 02$aL'individu aujourd'hui$eDébats sociologiques et contrepoints philosophiques$fChristian Le Bart, Philippe Corcuff, François De Singly 210 $aRennes$cPresses universitaires de Rennes$d2015 215 $a1 online resource (400 p.) 311 $a2-7535-1083-0 330 $aLes sociologies de l'individu, de l'individualisation et de l'individualisme constituent un des secteurs les plus dynamiques des sciences sociales contemporaines. Elles s'efforcent de répondre au moyen d'outils scientifiques à des interrogations émergeant de la société quant au pourquoi, au comment et au sens de certaines de ses mutations fondamentales mettant la notion d'« individu » en son c?ur. Les textes rassemblés dans cet ouvrage sont issus du colloque « Individualisme contemporain et individualités : regards des sciences sociales et de la philosophie » qui s'est tenu du 14 au 21 juin 2008 au Centre Culturel International de Cerisy-la-Salle. Il a rassemblé la plupart des spécialistes qui font vivre de manière pluraliste et parfois contradictoire ce domaine de la connaissance. Les contributions d'une série de philosophes à ce débat ont permis de l'enrichir, en déplaçant les regards. 606 $aPhilosophy 606 $aSociology 606 $aindividu et société 606 $aindividualisme 606 $aphilosophie 606 $asociologie 615 4$aPhilosophy 615 4$aSociology 615 4$aindividu et société 615 4$aindividualisme 615 4$aphilosophie 615 4$asociologie 700 $aArnsperger$b Christian$0280696 701 $aBart$b Christian Le$01283373 701 $aBoltanski$b Luc$0119556 701 $aBoubeker$b Ahmed$0690337 701 $aCalame$b Claude$0144179 701 $aCastel$b Robert$0126831 701 $aCaumières$b Philippe$01240788 701 $aChanial$b Philippe$01310543 701 $aColson$b Daniel$0245020 701 $aCorcuff$b Philippe$0754599 701 $aDavid$b Alain$01317261 701 $aDepenne$b Dominique$01454698 701 $aDepraz$b Natalie$0256799 701 $aDubet$b François$0383263 701 $aEhrenberg$b Alain$0241908 701 $aFlahault$b François$0560433 701 $aGaulejac$b Vincent de$0106029 701 $aGuénif-Souilamas$b Nacira$01294478 701 $aHeinich$b Nathalie$0512040 701 $aIllouz$b Eva$0515245 701 $aKaufmann$b Jean-Claude$0144120 701 $aLinhart$b Danièle$0804689 701 $aLozerand$b Emmanuel$01282345 701 $aMartin$b Claude$0385237 701 $aMartuccelli$b Danilo$0761637 701 $aOllitrault$b Sylvie$01296242 701 $aPotte-Bonneville$b Mathieu$0592397 701 $aRenou$b Gildas$01319155 701 $aSingly$b François de$0423137 701 $aThéry$b Irène$0751686 701 $aThévenot$b Laurent$0253964 701 $aWahnich$b Sophie$0479873 701 $aLe Bart$b Christian$01299912 701 $aDe Singly$b François$01454699 801 0$bFR-FrMaCLE 906 $aBOOK 912 $a9910495911003321 996 $aL'individu aujourd'hui$93656971 997 $aUNINA